Quizz sur les profs sev - Statistiques

Statistiques générales
  • Ce quiz a été pris 16 fois
  • Le résultat moyen est 3 sur 10
Statistiques - réponses
Question Réponse % Correct
Qui constitue la moitié du PIB des vendeurs de tabac? Sab
67%
Qui sent chaque fois que Maria va en pause clope? Vincent
67%
Combien de tonnes pèsent pelle? 0, elle est parfaite
33%
Que ferait Maria en cas de Pénurie de clopas? Elle créé sa propre entreprise de clopas et devient PDG
33%
Qui est le plus élégant? Mister Pfaff
33%
Qui est le Philippe le plus classe? Phil Pinto
33%
Pour finir, qui sent le plus mauvais? Quentin
33%
Qui a une musique à son éfigie? Maria
0%
Quelle est la plus belle ville d'Europe? Phillippeville
0%
Qui est la meilleure professeure du lycée? TOUTES
0%
Aucun quiz correspondant
Distribution des résultats
% des personnes avec chaque résultat
Percentile par nombre de réponses
Votre historique - résultats
Vous n’avez pas pris ce quiz